Kansas Anymore(The Longest Goodbye) - Album (ROLE MODEL) - Statistics

General Stats
  • This quiz has been taken 80 times
    58 since last reset
  • The average score is 14 of 17
Answer Stats
# Title % Correct
17. (TLG) The Longest Goodbye
95%
15. (TLG) Sally, When The Wine Runs Out
93%
9. (Interlude) Slut Era
93%
4. Oh, Gemini
88%
5. Frances
86%
10.(Feat. Lizzy Mcalpine) So Far Gone
84%
2. Look At That Woman
81%
16. (TLG) Some Protector
81%
7. The Dinner
81%
1. Writing's On The Wall
81%
8. Deeply Still In Love
79%
14. (TLG) Old Recliners
79%
11. Slipfast
79%
6. Superglue
79%
13. Something, Somehow, Someday
74%
3. Scumbag
72%
12. Compromise
70%
No matching quizzes found
Score Distribution
Percent of People with Each Score
Percentile by Number Answered
Your Score History
You have not taken this quiz since the last reset